Cesty zdokonalování mzdové regulace v obchodě
Na minha lista:
| Autor principal: | |
|---|---|
| Formato: | Livro |
| Idioma: | tcheco |
| Publicado em: |
Praha
Výzkumný ústav obchodu
1990
|
| Colecção: | Knižnice VÚO
244 |
| Tags: |
Sem tags, seja o primeiro a adicionar uma tag!
|
MARC
| LEADER | 00000nam a2200000 4500 | ||
|---|---|---|---|
| 001 | c036629 | ||
| 005 | 20251110131946.7 | ||
| 041 | 0 | |a cze | |
| 044 | |a CZ | ||
| 245 | 1 | 0 | |a Cesty zdokonalování mzdové regulace v obchodě |c Zbyněk Mareš |
| 264 | 1 | |a Praha |b Výzkumný ústav obchodu |c 1990 | |
| 300 | |a 29 s. | ||
| 490 | 1 | |a Knižnice VÚO |v 244 | |
| 830 | 0 | |a Knižnice VÚO |v 244 | |
| 100 | 1 | |a Mareš, Zbyněk | |